Кружки качества на японских предприятиях

التفاصيل البيبلوغرافية
اللغة:الروسية
منشور في: Москва, Изд-во стандартов, 1990
سلاسل:Качество. Экономика. Общество
الموضوعات:
التنسيق: كتاب
KOHA link:https://koha.lib.tpu.ru/cgi-bin/koha/opac-detail.pl?biblionumber=100744

MARC

LEADER 00000nam0a2200000 4500
001 100744
005 20231031112210.0
010 |a 5705000863 
020 |a RU  |b 90-62959 
035 |a (RuTPU)RU\TPU\book\108423 
090 |a 100744 
100 |a 20060825d1990 m a0rusy5003 ca 
101 0 |a rus 
102 |a RU 
105 |a y z 000zy 
200 1 |a Кружки качества на японских предприятиях 
210 |a Москва  |c Изд-во стандартов  |d 1990 
215 |a 69,[1] с.  |d 21 см 
225 1 |a Качество. Экономика. Общество  |e Современные проблемы 
320 |a Библиогр.: с. 67-68 (37 назв.) 
610 1 |a качество 
610 1 |a экономика 
610 1 |a общество 
610 1 |a Япония 
675 |a 658  |v 3 
801 0 |a RU  |b RuMRKP  |c 19950417  |g psbo 
801 1 |a RU  |b 63413507  |c 20060825  |g PSBO 
801 2 |a RU  |b 63413507  |c 20130331  |g PSBO 
942 |c BK